Missing Word: Animated Non-Disney Movies Quiz Stats

Quiz Updated Mar 2, 2016

Challenge
Share
Tweet
Embed
Score 0/20 Timer 03:00
0 Plays Today
Movie Missing Word % Correct
Despicable __Me
98.2%
Cloudy With a ______ of MeatballsChance
97.8%
Kung Fu _____Panda
97.2%
All Dogs Go To ______Heaven
96.3%
___ AgeIce
93.8%
The Land ______ TimeBefore
90.6%
Monsters vs. ______Aliens
90.3%
Gnomeo & ______Juliet
87.4%
Fantastic Mr. ___Fox
84.7%
_______ RunChicken
78.1%
Movie Missing Word % Correct
An ________ TailAmerican
72.4%
Penguins of __________Madagascar
70%
The ____ GiantIron
67.3%
Hotel ____________Transylvania
64%
Osmosis _____Jones
57.4%
Box ______Trolls
38.3%
The ________ of BellevilleTriplets
16.3%
The _____ and the CobblerThief
14.6%
The ______ of KellsSecret
11.9%
____ Samurai: ResurrectionAfro
7.4%

Today's Daily Dose

Missing Word
1998 A-Z Movies

Word Ladder
5 Vowel Sounds

Quick Pick
Legal Terms

On This Day
June 25th II

You're not logged in!

Compare scores with friends on all Sporcle quizzes.
Join for Free
OR
Log In

You Might Also Like...

Show Comments

Extras

Top Quizzes Today


Score Distribution

Your Account Isn't Verified!

In order to create a playlist on Sporcle, you need to verify the email address you used during registration. Go to your Sporcle Settings to finish the process.

Report this User

Report this user for behavior that violates our Community Guidelines.

Details: